Sports Quiz

Random Sports or World Cup Quiz

Premier League Players at World Cup by Nation Quiz Stats

 Plays Quiz Updated Jun 27, 2018

Challenge
Share
Tweet
Embed
Score 0/57 Timer 10:00
10 Plays Today
Country Player % Correct
FranceNicolas Anelka
94.3%
AustraliaTim Cahill
87.5%
BelgiumNacer Chadli
87.2%
PortugalLuís Boa Morte
85.5%
United StatesJozy Altidore
84.7%
SpainXabi Alonso
84%
NetherlandsDennis Bergkamp
83.6%
ArgentinaSergio Agüero
82.6%
Côte d'IvoireAruna Dindane
80.7%
DenmarkDaniel Agger
78.3%
BrazilFernandinho
77.5%
GermanyDietmar Hamann
76.7%
South KoreaKi Sung-yueng
74.8%
NigeriaShola Ameobi
71.9%
EgyptMohamed Salah
69.6%
MexicoJared Borgetti
69%
UruguayDiego Forlán
67%
CameroonBenoît Assou-Ekotto
63.9%
SerbiaBranislav Ivanović
62.5%
SenegalSadio Mane
57.5%
NorwayHenning Berg
56.6%
JapanJunichi Inamoto
52.9%
Bosnia and HerzegovinaAsmir Begović
51.9%
AlgeriaNadir Belhadj
51.2%
SwedenNiclas Alexandersson
50.4%
TogoEmmanuel Adebayor
49%
IcelandJohann Berg Gudmundsson
48.5%
CzechiaMilan Baroš
48.1%
SlovakiaMarek Čech
47.5%
Country Player % Correct
EcuadorUlises de la Cruz
47.5%
ParaguayPaulo da Silva
46.8%
GhanaAlbert Adomah
45.8%
SwitzerlandValon Behrami
43.5%
South AfricaKagisho Dikgacoi
41%
CroatiaBoško Balaban
37.9%
ColombiaPablo Armero
37.4%
Trinidad and TobagoChris Birchall
35.5%
New ZealandRory Fallon
34.1%
HondurasRoger Espinoza
31.9%
Costa RicaPaulo Wanchope
23%
PolandJerzy Dudek
18.5%
JamaicaDeon Burton
18.2%
RomaniaViorel Moldovan
15.6%
ChileJean Beausejour
12.8%
TurkeyMuzzy Izzet
11.6%
GreeceGiorgos Karagounis
11.1%
ChinaSun Jihai
7%
ItalyRoberto Di Matteo
6.2%
TunisiaRadhi Jaïdi
5.8%
SloveniaMilenko Ačimovič
5.8%
IranAshkan Dejagah
5.2%
PeruAndre Carillo
5%
MoroccoSofiane Boufal
2.7%
RussiaDmitri Kharine
1.5%
BulgariaBoncho Genchev
0.9%
AngolaRui Marques
0.8%
AustriaMartin Hiden
0.6%

You're not logged in!

Compare scores with friends on all Sporcle quizzes.
OR
Log In

You Might Also Like...

Show Comments

Extras

Top Quizzes Today


Score Distribution

Your Account Isn't Verified!

In order to create a playlist on Sporcle, you need to verify the email address you used during registration. Go to your Sporcle Settings to finish the process.

Report this User

Report this user for behavior that violates our Community Guidelines.

Details: